Normal view
MARC view
Entry Personal Name
001 - CONTROL NUMBER
- control field: 1234
003 - CONTROL NUMBER IDENTIFIER
- control field: OSt
005 - DATE AND TIME OF LATEST TRANSACTION
- control field: 20260112162136.0
008 - FIXED-LENGTH DATA ELEMENTS
- fixed length control field: 260112|| aca||aabn | a|a d
040 ## - CATALOGING SOURCE
- Original cataloging agency: OSt
- Transcribing agency: OSt
100 ## - HEADING--PERSONAL NAME
- Personal name: Jyoti maggu
670 ## - SOURCE DATA FOUND
- Source citation: Work cat.: (OSt)20839: Jyoti maggu, Impact of adaptive yogasana on psychological health of children having autism spectrum disorder and with intellectual disability (Multiple Disabilities) : A Single -case experimental design., 2025